LEADER 01323nam a2200301 u 4500 001 000000064037 003 CaOOAMICUS 005 20070226121319.0 008 011113s1974 dk u000 u eng u 020 $a8770032513 035 $a10909603 040 $aPUL(R)$bita 100 1 $aEilert, Akan.$0(OLS)http://pul/name/43337 245 10$aBoundlessness :$bstudies in Karl Ludvig Reichelt's Missionary Thinking with Special Regard to the Buddhist Christian Encounter /$cHakan Eilert. 260 $aDenmark :$bForlaget,$c1974. 300 $a252 p. ;$c22 cm 490 1 $aStudia missionalia Upsaliensia ;$vXXIV 500 $aContiene indice. 504 $aBibliografia in nota. 650 4$aEcumenismo.$0(OLS)http://pul/subject/995 830 0$aStudia missionalia Upsaliensia ;$vXXIV.$0(OLS)http://pul/title/7552 850 $aPUL 852 $aPUL$W1$xSL Religione 1$y3$m75 O 33$j83070$nBK-PRI$b $qStampati$B83070$CPULBib$Z2$F83070 $H $81 941 1 $a8 961 $aINV: 41635 996 $6020$a8770032513$9(OLS)http://pul/number/83121 996 $6245$aBoundlessness :$bstudies in Karl Ludvig Reichelt's Missionary Thinking with Special Regard to the Buddhist Christian Encounter$9(OLS)http://pul/title/85353 996 $6260$aDenmark :$bForlaget$9(OLS)http://pul/publisher/70769 LEADER 01085nam a2200265 a 4500 001 000000144692 003 CaOOAMICUS 005 20150708105100.0 008 150708s1973 it u000 u ita r 040 $aPUL$bita 041 1 $aita$hger 100 1 $aJeremias, Joachim,$d1900-$0(OLS)http://pul/name/11396 240 10$aSchlussel zur Theologie des Apostels Paulus.$lItaliano.$0(OLS)http://pul/title/183025 245 10$aPer comprendere la teologia dell'apostolo Paolo /$cJoachim Jeremias. 260 $aBrescia :$bMorcelliana,$c1973. 300 $a55 p. ;$c19 cm 504 $aBibliografia in nota. 600 04$aPaulus,$cs., apostolo$xTeologia.$0(OLS)http://pul/subject/17361 850 $aPUL 852 $aPUL$W1$xDP1 Fondo S. Lanza$y121$m3 I 50$j167052$qFondi$B167636$CPULBib$Z2$F167636 $HLan2060 $82 941 1 $a1 961 $aNota ms. di possesso: Sergio Lanza 996 $6245$aPer comprendere la teologia dell'apostolo Paolo$9(OLS)http://pul/title/183026 996 $6260$aBrescia :$bMorcelliana$9(OLS)http://pul/publisher/47854